El libro de los misterios: el lazarillo de ciegos caminantes

Bewaard in:
Bibliografische gegevens
Hoofdauteur: Carilla, Emilio (Auteur)
Formaat: Boek
Taal:Spaans
Gepubliceerd in: Madrid Gredos 1976
Reeks:Biblioteca Románica Hispánica. Estudios y Ensayos, 247
Onderwerpen:
Tags: Voeg label toe
Geen labels, Wees de eerste die dit record labelt!

MARC

LEADER 00000nam a2200000 a 4500
001 UCQ6452
003 CL-VaPUC
008 981016e19760000SP |||||||||||||||||spa|d
082 0 4 |a Pe863.09  |b CAR  |2 21 
100 0 |a Carilla, Emilio  |e author  |9 420331 
245 1 3 |a El libro de los misterios: el lazarillo de ciegos caminantes 
300 |a 189 p 
942 |c BK 
945 |d 19981016 00:00:00  |a crobeson 
260 |a Madrid  |b Gredos  |c 1976 
600 0 7 |a CARRIO DE LA VANDERA, ALONSO  |2 CL-VaPUC  |9 420332 
650 7 |a NOVELA PERUANA  |2 CL-VaPUC  |9 347320 
650 0 |a Literatura peruana  |9 257452 
650 0 |a Crítica e interpretación   |9 255042 
583 |a last modification  |c 19981016 00:00:00  |k Rodrigo Vera 
490 0 |a Biblioteca Románica Hispánica. Estudios y Ensayos, 247 
999 |c 276409  |d 276407 
952 |0 0  |1 0  |4 0  |6 PE_863_090000000000000_CAR_1976  |7 0  |8 A  |9 313624  |a BIBEDU  |b BIBEDU  |d 2019-11-20  |i 1481789  |o Pe863.09 CAR 1976  |p 1481789  |r 2019-11-20  |w 2019-11-20  |y BK  |k LIT 
952 |0 0  |1 0  |4 0  |6 PE_863_090000000000000_CAR_1976  |7 0  |8 A  |9 313625  |a FDOPOS  |b FDOPOS  |d 2019-11-20  |i 1496468  |o Pe863.09 CAR 1976  |p 1496468  |r 2025-01-22  |w 2019-11-20  |y BK  |k MLH